L'Italia che non c'era : unioni civili : la dura battaglia per una legge storica /

محفوظ في:
التفاصيل البيبلوغرافية
المؤلف الرئيسي: Cirinnà, Monica
التنسيق: كتاب
اللغة:الإيطالية
منشور في: Roma : Fandango, 2017
سلاسل:Documenti ; 75
الموضوعات:
الوسوم: إضافة وسم
لا توجد وسوم, كن أول من يضع وسما على هذه التسجيلة!

MARC

LEADER 00000nam a2200000 i 4500
001 IT\ICCU\TO1\0021676
003 ItRI
005 20260224215233.0
008 171025s2017 it |||||| ||||| |||||c
015 |2 IT  |a 2018-14674 
020 |a 9788860445278 
040 |b ita  |c ct 
041 7 |a ita  |2 ISO-639-2 
082 |a 346.4501671  |2 23 
100 1 |a Cirinnà, Monica  |0 IT\ICCU\RMSV\955808 
240 1 2 |a L'Italia che non c'era  |9 Cirinnà, Monica 
245 1 2 |a L'Italia che non c'era :  |b unioni civili : la dura battaglia per una legge storica /  |c Monica Cirinnà. 
260 |a Roma :  |b Fandango,  |c 2017 
300 |a 299 p. ;  |c 21 cm 
650 7 |a Unioni civili  |x Italia  |2 nsbncf 
830 0 |a Documenti ;  |v 75  |0 IT\ICCU\TO0\1035961 
942 |2 ddc  |c BK 
952 |0 0  |1 0  |2 ddc  |4 0  |6 B_SSR11CIRMOITA11  |7 0  |9 9245  |a MI  |b MI  |d 2021-03-14  |i 6715  |l 0  |o B-SSR11-CIRMO-ITA11  |p CDOM6715  |r 2025-07-17 21:50:49  |w 2025-07-17  |x ACQUISTO  |y BK 
952 |0 0  |1 0  |4 0  |6 DOC_346_450000000000000_CIR  |7 0  |9 20285  |a BO  |b BO  |d 2026-01-15  |i 18594  |l 0  |o DOC 346.450 CIR  |p BO18594  |r 2026-01-15 23:21:19  |w 2026-01-15  |x [Sebina 5] [1 v.]  |y BK  |z 1 v. (con dedica dell'autrice) 
999 |c 7709  |d 7709